000 00392nam a2200133 a 4500
001 000030197
005 20200930060126.0
008 110504s2010 dr ac 000 0 spa d
040 _aDO-SdBNP
_bspa
_cBNPHU
082 _axxx
_bI61
245 0 0 _aINTEC :
_buna institución comprometida con el desarrollo.
260 _aSanto Domingo :
_bINTEC,
_c[2010?].
300 _a20 p. :
_bil., retrs. ;
_c28 cm.
999 _c29689
_d29689